000 00662nam a2200205Ia 4500
003 GCL
008 140319s9999 xx 000 0 ara d
040 _aGCL /
_cGCL
082 0 4 _a811.9
_bر ش
100 1 _aيحيى حسن جابر
245 1 0 _aالسجين السياسى /
_cيحيى حسن جابر
700 1 _aصلاح نيازى
700 1 _aفالح حسن عبدالرحمن
700 1 _aرعد مشتت
260 _a[S.N] :
_bرياض الريس للكتب والنشر ،
_c1988
490 _aالسلسلة الشعرية الاولى
_v0
650 0 4 _aالشعر العربى
650 0 4 _aدواوين وقصائد
942 _2ddc
_cBK
999 _c56225
_d56225